Missing Word: TV JA - JZ Quiz Stats

 Plays Quiz Updated Mar 28, 2019

Score 0/20 Timer 04:00
0 Plays Today
TV Show Answer % Correct
Jekyll and ___ (H)Hyde
96.7%
Just Shoot ___ (M)Me
96%
Just the Ten of ___ (U)Us
94.9%
Jack of All ___ (T)Trades
94.2%
Jersey ___ (S)Shore
92%
Justice ___ (L)League
91.5%
Jon & Kate Plus ___ (E)8
84.9%
Josie and the ___ (P)Pussycats
84.5%
Joanie Loves ___ (C)Chachi
81.4%
Jane the ___ (V)Virgin
76.1%
TV Show Answer % Correct
Jonny ___ (Q)Quest
75%
Joan of ___ (A)Arcadia
72.4%
Jessica ___ (J)Jones
72.2%
Jake and the ___ (F)Fatman
67.6%
Jay Leno's ___ (G)Garage
60.5%
Johnny ___ (B)Bravo
57.2%
Jeeves and ___ (W)Wooster
39.9%
Jake and the ___ (K)Kid
27.8%
Jonny ___ (Z)Zero
20.4%
Judge John ___ (D)Deed
16.6%

Today's Daily Dose

You're not logged in!

Compare scores with friends on all Sporcle quizzes.
OR
Log In

Sporcle TV

Today on Sporcle TV


Watch our educational content, quiz creation guides, and fun videos on Sporcle TV.

Show Comments

Extras

Top Quizzes Today


Score Distribution

Your Account Isn't Verified!

In order to create a playlist on Sporcle, you need to verify the email address you used during registration. Go to your Sporcle Settings to finish the process.

Report this User

Report this user for behavior that violates our Community Guidelines.

Details: